Európska banka pre obnovu a rozvoj – 20 rokov transformácie Európy

Európska banka pre obnovu a rozvoj (EBOR) vznikla ako medzinárodná odozva na zmeny politického a ekonomického prostredia v strednej a východnej Európe, s cieľom pomôcť krajinám tohto regiónu v ich transformácii smerom k trhovému hospodárstvu po páde komunistických režimov. Špecifiká EBOR. Prehľad in...

Descripción completa

Guardado en:
Detalles Bibliográficos
Autor principal: Országhová, Lucia, 1982-
Formato: Capítulo de libro
Lenguaje:eslovaco
Materias:
Etiquetas: Agregar Etiqueta
Sin Etiquetas, Sea el primero en etiquetar este registro!

MARC

LEADER 00000naa a2200000 4500
001 0134491
005 20231116091206.0
041 0 |a slo 
044 |a SK 
245 1 0 |a Európska banka pre obnovu a rozvoj – 20 rokov transformácie Európy  |c Lucia Országhová 
520 |a Európska banka pre obnovu a rozvoj (EBOR) vznikla ako medzinárodná odozva na zmeny politického a ekonomického prostredia v strednej a východnej Európe, s cieľom pomôcť krajinám tohto regiónu v ich transformácii smerom k trhovému hospodárstvu po páde komunistických režimov. Špecifiká EBOR. Prehľad investícií EBOR do rôznych sektorov. 
610 2 0 |a Európska centrálna banka 
610 2 0 |a transformácia 
610 2 0 |a štruktúra organizačná 
610 2 0 |a investície 
610 2 0 |a SVE 
610 2 0 |a hospodárstvo trhové 
100 1 |a Országhová, Lucia, 1982-